[Event "Bloemfontein-ch op"]
[Site "Bloemfontein"]
[Date "2018.07.09"]
[Round "5"]
[White "Mantati, Victor S"]
[Black "Selkirk, Rebecca"]
[Result "1-0"]
[WhiteElo "1565"]
[BlackElo "1776"]
[PlyCount "67"]
[EventDate "2018.07.07"]
[EventType "swiss"]
[EventRounds "11"]
[EventCountry "RSA"]
[SourceTitle "EXT 2019"]
[Source "ChessBase"]
[SourceDate "2018.10.10"]
[SourceVersion "1"]
[SourceVersionDate "2018.10.10"]
[SourceQuality "1"]

1. Nf3 Nf6 2. c4 e6 3. g3 g6 4. d4 d5 5. b3 Bg7 6. Bg2 0-0 7. 0-0 c6 8. Bb2 b6 9. Nbd2 Bb7 10. Rc1 Nbd7 11. Ne5 Nxe5 12. dxe5 Nd7 13. f4 c5 14. cxd5 exd5 15. Nc4 Qc7 16. Nd6 Rad8 17. Nxb7 Qxb7 18. Bxd5 Qb8 19. e4 a5 20. a4 b5 21. axb5 Qxb5 22. Bc4 Qb6 23. Qe2 Nb8 24. Qf2 Nc6 25. e6 fxe6 26. Bxe6+ Kh8 27. Bxg7+ Kxg7 28. Qxc5 Rb8 29. Rfd1 Rfd8 30. Qxb6 Rxb6 31. Rxd8 Nxd8 32. Rc7+ Kf6 33. Bd5 h5 34. e5+ 1-0

[Event "RSA Inter Regional-ch"]
[Site "Boksburg"]
[Date "2018.01.09"]
[Round "1.4"]
[White "Mantati, Victor S"]
[Black "Tlale, Tshepang"]
[Result "1-0"]
[WhiteElo "1591"]
[BlackElo "1874"]
[PlyCount "71"]
[EventDate "2018.01.09"]
[EventType "team-swiss"]
[EventRounds "7"]
[EventCountry "RSA"]
[SourceTitle "CBM 189 Extra"]
[Source "ChessBase"]
[SourceDate "2019.06.03"]
[SourceVersion "1"]
[SourceVersionDate "2019.06.03"]
[SourceQuality "1"]
[WhiteTeam "Sedibeng Home Lovers"]
[BlackTeam "Sedibeng Chocolate"]
[WhiteTeamCountry "RSA"]
[BlackTeamCountry "RSA"]

1. e4 d5 2. exd5 Nf6 3. d4 Nxd5 4. c4 Nf6 5. Nc3 Bg4 6. Be2 Bxe2 7. Ngxe2 c6 8. Ng3 e6 9. 0-0 Be7 10. Bf4 0-0 11. Nce4 Na6 12. Be5 c5 13. Bxf6 Bxf6 14. dxc5 Bxb2 15. Rb1 Bd4 16. Nd6 Bxc5 17. Nxb7 Qxd1 18. Rfxd1 Bb6 19. Ne4 Rab8 20. Rd7 Rfc8 21. Ned6 Rc7 22. Rxc7 Bxc7 23. Rb5 Kf8 24. c5 Ke7 25. a4 f6 26. g3 Kd7 27. Nc4 Kc6 28. Nba5+ Kd5 29. Ne3+ Ke4 30. Nb7 Kd3 31. Kf1 Kc3 32. Ke2 Nb4 33. c6 a5 34. Nd1+ Kb3 35. Ne3 h6 36. Rc5 1-0

[Event "Johannesburg PSS Capablanca-C"]
[Site "Johannesburg"]
[Date "2017.04.26"]
[Round "1"]
[White "Molebatsi, Teboho"]
[Black "Mantati, Victor S"]
[Result "0-1"]
[WhiteElo "1781"]
[BlackElo "1699"]
[PlyCount "79"]
[EventDate "2017.04.26"]
[EventType "tourn"]
[EventRounds "9"]
[EventCountry "RSA"]
[SourceTitle "CBM 178 Extra"]
[Source "ChessBase"]
[SourceDate "2017.06.22"]
[SourceVersion "1"]
[SourceVersionDate "2017.06.22"]
[SourceQuality "1"]

1. e4 c5 2. Nc3 e6 3. f4 d5 4. e5 Nc6 5. Nf3 a6 6. Be2 b5 7. 0-0 Be7 8. Qe1 Nh6 9. Bd1 0-0 10. b3 Bb7 11. d3 Nf5 12. Bb2 d4 13. Ne4 Ne3 14. Rf2 Nb4 15. a3 Nbd5 16. g3 Nxd1 17. Rxd1 Ne3 18. Rb1 Qb6 19. Bc1 Bxe4 20. dxe4 Ng4 21. Rg2 a5 22. h3 Nh6 23. Kh1 a4 24. g4 f6 25. g5 fxg5 26. Nxg5 axb3 27. cxb3 Bxg5 28. Rxg5 Qc6 29. Rb2 Ra7 30. Rbg2 Kh8 31. Qe2 g6 32. h4 Nf7 33. R5g3 c4 34. b4 Rd7 35. h5 g5 36. fxg5 Nxe5 37. g6 d3 38. Qe3 Qc7 39. Kg1 Rg7 40. Qd4 0-1